[Event "White Nights"]
[Site "St Petersburg RUS"]
[Date "2001.06.09"]
[EventDate "2001.06.09"]
[Round "1"]
[Result "0-1"]
[White "Dmitry Andreikin"]
[Black "Jakob Gotlibovich Meister"]
[WhiteElo "2217"]
[BlackElo "2450"]
[PlyCount "100"]

1. e4 c5 2. Nf3 e6 3. d4 cxd4 4. Nxd4 a6 5. c4 Nf6 6. Nc3 Bb4
7. Bd3 Bxc3+ 8. bxc3 d6 9. Ba3 Qc7 10. O-O Nbd7 11. f4 Nc5
12. Re1 e5 13. Nb3 b6 14. Nxc5 dxc5 15. Rb1 O-O 16. f5 Rd8
17. Qf3 Bb7 18. Re2 Rd6 19. Rbe1 Qd7 20. Bc2 Bc6 21. Rf2 Ba4
22. Bb1 Rd1 23. Rff1 Rxe1 24. Rxe1 Qd2 25. Kf1 Rd8 26. Bc1 Qd6
27. h3 h6 28. g4 Kf8 29. Kf2 Qe7 30. Rh1 Qd7 31. Rg1 Bd1
32. Qe3 Ne8 33. g5 hxg5 34. Qxg5 f6 35. Qh4 Qf7 36. Qh8+ Ke7
37. a3 Qxc4 38. Rxg7+ Nxg7 39. Qxg7+ Qf7 40. Qxf7+ Kxf7
41. Ba2+ Kg7 42. Bd5 Bh5 43. Be3 Bf7 44. c4 Bxd5 45. exd5 b5
46. Bxc5 bxc4 47. d6 c3 48. Ke2 c2 49. Kd2 c1=Q+ 50. Kxc1 Rc8
0-1

[Event "White Nights"]
[Site "St Petersburg RUS"]
[Date "2001.06.11"]
[EventDate "2001.06.09"]
[Round "3"]
[Result "1/2-1/2"]
[White "Dmitry Andreikin"]
[Black "Alexandr V Kharitonov"]
[WhiteElo "2217"]
[BlackElo "2345"]
[PlyCount "130"]

1. e4 c6 2. d4 d5 3. exd5 cxd5 4. c4 Nf6 5. Nc3 e6 6. Nf3 Bb4
7. cxd5 Nxd5 8. Bd2 Nc6 9. Bd3 Be7 10. a3 Nxc3 11. Bxc3 Bf6
12. Ne5 Qd5 13. Nf3 O-O 14. Qc2 Qh5 15. O-O-O Ne7 16. Rdg1 g6
17. h4 Qg4 18. Kb1 Bd7 19. h5 Rac8 20. hxg6 fxg6 21. Qb3 Nd5
22. Bd2 Bc6 23. Rh3 Nc7 24. Rg3 Qh5 25. Qd1 Bg7 26. Bg5 Bxf3
27. gxf3 Qh2 28. R1g2 Qh5 29. Be2 Rf4 30. Bxf4 Qf5+ 31. Bd3
Qxf4 32. Rg4 Qf7 33. Qc2 Qd7 34. Qb3 b6 35. Be4 Re8 36. Rg1
Nd5 37. Rc1 Rf8 38. Rg5 Nf4 39. Rd1 Kh8 40. Rgg1 Bxd4 41. Rd2
e5 42. Rc1 Ne6 43. Qd5 Qxd5 44. Bxd5 Nf4 45. Be4 Rf7 46. b4 h5
47. Rdc2 Kg7 48. Rh1 Kh6 49. Kc1 Rd7 50. Kb1 Rd6 51. Ka2 Rf6
52. Kb3 b5 53. Rh2 Bb6 54. a4 bxa4+ 55. Kxa4 Rd6 56. Rc6 Rxc6
57. Bxc6 Kg5 58. Be4 h4 59. Kb3 h3 60. Kc2 Kh4 61. Kd2 Bd4
62. Bc6 Bb2 63. Bd7 Bd4 64. b5 Bb6 65. Bc8 Bc5 1/2-1/2

[Event "White Nights"]
[Site "St Petersburg RUS"]
[Date "2001.06.12"]
[EventDate "2001.06.09"]
[Round "4"]
[Result "0-1"]
[White "Viktor Mihail Kozlov"]
[Black "Dmitry Andreikin"]
[WhiteElo "2389"]
[BlackElo "2217"]
[PlyCount "66"]

1. e4 e5 2. Bc4 Nf6 3. d3 h6 4. Nc3 Bc5 5. f4 d6 6. Nf3 a6
7. Qe2 Nc6 8. Nd5 O-O 9. c3 Bg4 10. h3 Bxf3 11. Qxf3 Kh8
12. f5 Na5 13. Nxf6 Qxf6 14. Bb3 Nxb3 15. axb3 Rad8 16. h4 Qe7
17. g4 f6 18. g5 Kh7 19. Bd2 d5 20. O-O-O dxe4 21. dxe4 Rd7
22. Qg4 Rfd8 23. Kc2 Qe8 24. Rh3 a5 25. Rg3 Bf2 26. Rf3 Be1
27. Rxe1 Rxd2+ 28. Kc1 Qd7 29. Rfe3 Kh8 30. gxf6 gxf6 31. Rg3
b5 32. Qh5 Rc2+ 33. Kb1 Qd2 0-1

[Event "White Nights"]
[Site "St Petersburg RUS"]
[Date "2001.06.13"]
[EventDate "2001.06.09"]
[Round "5"]
[Result "1/2-1/2"]
[White "Dmitry Andreikin"]
[Black "Alex Anjuhin"]
[WhiteElo "2217"]
[BlackElo "2460"]
[PlyCount "115"]

1. e4 c6 2. d4 d5 3. exd5 cxd5 4. c4 Nf6 5. Nc3 Nc6 6. Nf3 Bg4
7. Be3 dxc4 8. Bxc4 e6 9. h3 Bxf3 10. Qxf3 Bb4 11. O-O O-O
12. Rfd1 Qa5 13. Ne2 Rac8 14. a3 Be7 15. b4 Qc7 16. Rac1 Qd7
17. Nf4 Rfd8 18. g3 Nd5 19. Nxd5 exd5 20. Bb3 b5 21. Bc2 g6
22. Bd3 a6 23. h4 Bf8 24. h5 Bg7 25. hxg6 hxg6 26. Qf4 Qb7
27. Kg2 a5 28. Rc5 axb4 29. Rxb5 Qe7 30. a4 Qa7 31. Rh1 Qe7
32. Qg4 Qf6 33. Rxd5 Rxd5 34. Qxc8+ Rd8 35. Qg4 b3 36. Rb1
Nxd4 37. Bg5 Qc6+ 38. Be4 Qd7 39. Qd1 Rb8 40. a5 Qe6 41. f3
Qa6 42. Be3 Rb4 43. Bd3 Qxa5 44. Bd2 Qa2 45. Ra1 Nc6 46. Rxa2
bxa2 47. Bxb4 Nxb4 48. Qb3 a1=Q 49. Qxb4 Bd4 50. Qb1 Qc3
51. Qd1 Bc5 52. Qe2 Qd4 53. Qf1 g5 54. Be2 f5 55. Qd1 Qf2+
56. Kh3 Bd4 57. Bc4+ Kg7 58. Qe2 1/2-1/2

[Event "White Nights"]
[Site "St Petersburg RUS"]
[Date "2001.06.14"]
[EventDate "2001.06.09"]
[Round "6"]
[Result "1-0"]
[White "Sergey Klimov"]
[Black "Dmitry Andreikin"]
[WhiteElo "2438"]
[BlackElo "2217"]
[PlyCount "69"]

1. e4 e5 2. Nf3 Nf6 3. Nxe5 d6 4. Nf3 Nxe4 5. d4 d5 6. Bd3 Be7
7. O-O Nc6 8. c4 Nb4 9. Be2 O-O 10. Nc3 Bf5 11. a3 Nxc3
12. bxc3 Nc6 13. Bf4 Na5 14. cxd5 Qxd5 15. Re1 Bd6 16. Ne5 Qb3
17. Qd2 f6 18. Bd1 Qd5 19. Bf3 Qb3 20. c4 fxe5 21. dxe5 Bg6
22. Bd5+ Kh8 23. exd6 c6 24. Be6 c5 25. d7 Nc6 26. Bd6 Rf6
27. Be7 Nd4 28. Bxf6 gxf6 29. Qf4 Kg7 30. d8=Q Rxd8 31. Qc7+
Kh6 32. Qxd8 Qc3 33. Qf8+ Kg5 34. Qxc5+ Kh6 35. Rac1 1-0

[Event "White Nights"]
[Site "St Petersburg RUS"]
[Date "2001.06.15"]
[EventDate "2001.06.09"]
[Round "7"]
[Result "0-1"]
[White "Dmitry Andreikin"]
[Black "Vitaly Tseshkovsky"]
[WhiteElo "2217"]
[BlackElo "2555"]
[PlyCount "70"]

1. e4 d6 2. d4 Nf6 3. Nc3 g6 4. Be2 Bg7 5. h4 c5 6. dxc5 Qa5
7. Kf1 Qxc5 8. Be3 Qa5 9. h5 gxh5 10. Nh3 Nc6 11. Nf4 Bg4
12. Nxh5 Bxh5 13. Bxh5 Ne5 14. Be2 Rc8 15. Qd4 a6 16. Rh3 h5
17. Rg3 Neg4 18. Bd2 Bh6 19. Be1 Qe5 20. Qb4 O-O 21. Qxb7 Rb8
22. Qxa6 Rxb2 23. Qd3 Rc8 24. a4 Bg7 25. f3 Qf4 26. Kg1 Ne5
27. Qd4 Rxc2 28. Bd1 R8xc3 29. Rxg7+ Kxg7 30. Bxc3 Qg5
31. Bxc2 Nxf3+ 32. Kf1 Nxd4 33. Bxd4 e5 34. Bf2 Qd2 35. Bd1
Qb2 0-1

[Event "White Nights"]
[Site "St Petersburg RUS"]
[Date "2001.06.17"]
[EventDate "2001.06.09"]
[Round "9"]
[Result "1/2-1/2"]
[White "Dmitry Andreikin"]
[Black "Igor Kurnosov"]
[WhiteElo "2217"]
[BlackElo "2375"]
[PlyCount "160"]

1. e4 c5 2. Nf3 Nc6 3. d4 cxd4 4. Nxd4 Qb6 5. Nb3 Nf6 6. Nc3
e6 7. Be3 Qc7 8. a3 a6 9. g3 Ne5 10. f4 Nc4 11. Bxc4 Qxc4
12. e5 Nd5 13. Nxd5 exd5 14. Qd4 Qxc2 15. Nd2 Be7 16. O-O O-O
17. f5 d6 18. Rac1 dxe5 19. Qxd5 Qxb2 20. Rc7 Bd8 21. Rxf7
Rxf7 22. Qxd8+ Rf8 23. Qd5+ Kh8 24. Bc5 Qb5 25. a4 Qd7
26. Qxe5 Re8 27. Qc3 b6 28. Bd4 Bb7 29. f6 Qc6 30. Qxc6 Bxc6
31. Nc4 Re4 32. Nxb6 Rxd4 33. Nxa8 gxf6 34. Rxf6 Bxa8 35. Rf8+
Kg7 36. Rxa8 Rxa4 37. Kg2 Ra2+ 38. Kf3 Kg6 39. h3 Ra3+ 40. Kf4
Ra4+ 41. Kf3 Ra1 42. Ra7 h6 43. Kf2 Ra5 44. Kg2 Ra3 45. Ra8
Kg5 46. Rg8+ Kf6 47. Rh8 Kg7 48. Ra8 Ra2+ 49. Kf3 Ra1 50. Kf2
Ra5 51. Kg2 Kf7 52. Rh8 Rh5 53. Ra8 Ra5 54. Rh8 h5 55. g4 Kg7
56. Rb8 h4 57. Rb6 Ra2+ 58. Kh1 a5 59. Ra6 a4 60. g5 Ra3
61. Kh2 Kf7 62. Rf6+ Kg7 63. Ra6 Ra2+ 64. Kh1 Ra1+ 65. Kh2 Ra3
66. Kg2 Rg3+ 67. Kh2 a3 68. Ra4 Kg6 69. Rxh4 Re3 70. Ra4 Kxg5
71. Kg2 Rc3 72. h4+ Kh5 73. Kh2 Rb3 74. Kg2 Rb2+ 75. Kh3 Rb3+
76. Kh2 Kg6 77. Ra5 Rb2+ 78. Kh3 a2 79. h5+ Kh6 80. Kg3 Rb3+
1/2-1/2

[Event "EYCC B12"]
[Site "Halkidiki GRE"]
[Date "2001.09.02"]
[EventDate "2001.08.31"]
[Round "3"]
[Result "1/2-1/2"]
[White "Dmitry Andreikin"]
[Black "Tamas Banusz"]
[WhiteElo "2293"]
[BlackElo "2113"]
[PlyCount "75"]

1. e4 c6 2. d4 d5 3. exd5 cxd5 4. c4 Nf6 5. Nc3 Nc6 6. Nf3 Bg4
7. cxd5 Nxd5 8. Qb3 Bxf3 9. gxf3 Nb6 10. Be3 e6 11. O-O-O Be7
12. Rg1 Bf6 13. d5 exd5 14. Nxd5 Nxd5 15. Rxd5 Qc7 16. Bc5 Ne7
17. Bb5+ Kf8 18. Kb1 a6 19. Bxe7+ Bxe7 20. Rd7 Qc5 21. Bd3 b5
22. Rc1 Qe5 23. Be4 Re8 24. Rc6 g6 25. Rxa6 b4 26. Raa7 Kg7
27. Qd5 Qxd5 28. Bxd5 Kf6 29. f4 Rhf8 30. Bb3 h6 31. Rab7 g5
32. f5 g4 33. Rbc7 h5 34. Bc4 h4 35. Bb3 Bd8 36. Rxf7+ Rxf7
37. Rxf7+ Kg5 38. Be6 1/2-1/2

[Event "EYCC B12"]
[Site "Halkidiki GRE"]
[Date "2001.09.06"]
[EventDate "2001.08.31"]
[Round "6"]
[Result "1-0"]
[White "Jurijs Mihailovs"]
[Black "Dmitry Andreikin"]
[WhiteElo "2126"]
[BlackElo "2293"]
[PlyCount "57"]

1. d4 Nf6 2. c4 c5 3. d5 e6 4. Nc3 exd5 5. cxd5 d6 6. e4 g6
7. f4 Bg7 8. Nf3 O-O 9. Be2 b5 10. e5 dxe5 11. fxe5 Ng4
12. Bg5 Qa5 13. O-O Nxe5 14. Bxb5 Bg4 15. Be2 Bxf3 16. Bxf3
Nbd7 17. Be7 Rfe8 18. d6 Rab8 19. Bd5 Bf8 20. Bxf7+ Nxf7
21. Qd5 Nde5 22. Rxf7 Nxf7 23. Rf1 Bg7 24. Rxf7 Kh8 25. Rxg7
Kxg7 26. Qe5+ Kh6 27. Bg5+ Kh5 28. g4+ Kxg4 29. Qf4+ 1-0

[Event "WYB12"]
[Site "Oropesa del Mar ESP"]
[Date "2001.10.23"]
[EventDate "2001.10.06"]
[Round "3"]
[Result "1-0"]
[White "Dmitry Andreikin"]
[Black "Jurijs Mihailovs"]
[WhiteElo "2398"]
[BlackElo "2149"]
[PlyCount "67"]

1. e4 c5 2. Nf3 e6 3. d4 cxd4 4. Nxd4 a6 5. Bd3 Qc7 6. Qe2 d6
7. c4 Nd7 8. Nc3 Ngf6 9. O-O Be7 10. Kh1 O-O 11. f4 Rd8
12. Be3 Nf8 13. Rac1 Bd7 14. b4 Be8 15. a3 Rac8 16. Rf3 Qb8
17. Rg3 Kh8 18. Rc2 Rc7 19. Rh3 Rcc8 20. g4 N6d7 21. Nf3 Bf6
22. g5 Bxc3 23. Rxc3 d5 24. exd5 exd5 25. Qc2 Ng6 26. cxd5
Rxc3 27. Qxc3 Qd6 28. Qd4 Ndf8 29. f5 Bd7 30. Rg3 Ne7 31. f6
gxf6 32. Bf4 Qxd5 33. Qxf6+ Kg8 34. Be5 1-0

[Event "WYB12"]
[Site "Oropesa del Mar ESP"]
[Date "2001.10.29"]
[EventDate "2001.10.06"]
[Round "8"]
[Result "1/2-1/2"]
[White "Krisztian Szabo"]
[Black "Dmitry Andreikin"]
[WhiteElo "2235"]
[BlackElo "2398"]
[PlyCount "81"]

1. e4 c5 2. Nf3 Nc6 3. d4 cxd4 4. Nxd4 Qc7 5. Nc3 e6 6. g3 a6
7. Bg2 d6 8. O-O Bd7 9. a4 Nf6 10. Kh1 Be7 11. f4 O-O 12. Nb3
Rfd8 13. Be3 Na5 14. Nxa5 Qxa5 15. g4 d5 16. e5 Ne4 17. Nxe4
dxe4 18. Qe1 Qxe1 19. Rfxe1 Bc6 20. a5 Rd7 21. c3 f5 22. exf6
gxf6 23. Bd4 f5 24. gxf5 exf5 25. Bh3 Kf7 26. Rad1 Rg8 27. Re3
Ke6 28. Rg3 Rdd8 29. Rdg1 Rxg3 30. hxg3 h5 31. Bf1 Bf6 32. Be3
Bb5 33. Bxb5 axb5 34. Kg2 h4 35. gxh4 Bxh4 36. Rh1 Bf6 37. Rh6
Rg8+ 38. Kf2 Kf7 39. Rh7+ Rg7 40. Rh5 Ke6 41. Rh6 1/2-1/2

[Event "WYB12"]
[Site "Oropesa del Mar ESP"]
[Date "2001.10.30"]
[EventDate "2001.10.06"]
[Round "9"]
[Result "1-0"]
[White "Dmitry Andreikin"]
[Black "Li Haoyu"]
[WhiteElo "2398"]
[BlackElo "2310"]
[PlyCount "105"]

1. e4 d5 2. exd5 Nf6 3. d4 Nxd5 4. Nf3 Bg4 5. Be2 e6 6. O-O
Be7 7. h3 Bh5 8. Ne5 Bxe2 9. Qxe2 O-O 10. Rd1 Nd7 11. c4 N5b6
12. Nc3 Bf6 13. Ne4 Qe7 14. Nxf6+ Nxf6 15. Bg5 Nbd7 16. Rd3
Qd6 17. Rad1 c6 18. Rg3 Ne8 19. c5 Qc7 20. Be7 Nxe5 21. Bxf8
Ng6 22. Bd6 Nxd6 23. cxd6 Qxd6 24. Qg4 Rd8 25. h4 Qf4 26. Qh5
Qxh4 27. Qa5 h6 28. Qxa7 Nf4 29. Re1 Qh5 30. Rge3 Qg4 31. g3
Rxd4 32. Qxb7 Nh3+ 33. Kg2 Rd2 34. Rf3 Ng5 35. Rf4 Qh3+
36. Kg1 Qh5 37. Kg2 Qh3+ 38. Kg1 Rd3 39. Rf1 Nf3+ 40. Rxf3
Rxf3 41. Qxc6 Rf5 42. Qa8+ Kh7 43. Qe4 Qh5 44. a4 g6 45. Kg2
Rf6 46. b4 Qg5 47. a5 Qb5 48. Ra1 Qa6 49. Rc1 Rf5 50. Rc6 Qa7
51. Rb6 Rd5 52. Qc4 Rf5 53. Qc8 1-0

[Event "WYB12"]
[Site "Oropesa del Mar ESP"]
[Date "2001.11.02"]
[EventDate "2001.10.06"]
[Round "11"]
[Result "1/2-1/2"]
[White "Dmitry Andreikin"]
[Black "Egor Krivoborodov"]
[WhiteElo "2398"]
[BlackElo "2211"]
[PlyCount "94"]

1. e4 c6 2. d4 d5 3. exd5 cxd5 4. c4 Nf6 5. Nc3 e6 6. Nf3 Bb4
7. cxd5 Nxd5 8. Bd2 Nc6 9. Bd3 O-O 10. O-O Be7 11. Qe2 Nf6
12. Rad1 b6 13. Ne4 Bb7 14. Rfe1 Rc8 15. a3 a5 16. Neg5 Qd5
17. Bc3 Nb8 18. Qc2 h6 19. Ne4 Nbd7 20. Qb1 Rfd8 21. Ne5 Ba8
22. f3 Nxe5 23. Nxf6+ Bxf6 24. dxe5 Qc5+ 25. Kh1 Bh4 26. Re2
Bd5 27. Bd4 Qc6 28. Rc2 Qb7 29. Rxc8 Rxc8 30. Kg1 Be7 31. Rc1
Bc5 32. Bxc5 bxc5 33. Qc2 Qb6 34. Kh1 Bb3 35. Qc3 a4 36. h3
Bd5 37. Qc2 Qb3 38. Qxb3 Bxb3 39. Rc3 Rd8 40. Bc2 c4 41. Bxb3
cxb3 42. Rc4 Rd2 43. Rxa4 Rxb2 44. Rb4 Kf8 45. a4 Ke7 46. a5
Ra2 47. Rxb3 Rxa5 1/2-1/2

[Event "Serpukhov-D"]
[Site "Serpukhov"]
[Date "2003.??.??"]
[EventDate "?"]
[Round "9"]
[Result "0-1"]
[White "Stanislav Erendzhenov"]
[Black "Dmitry Andreikin"]
[WhiteElo "2279"]
[BlackElo "2659"]
[PlyCount "60"]

1.e4 c5 2.Nf3 Nc6 3.d4 cxd4 4.Nxd4 g6 5.Nc3 Bg7 6.Be3 Nf6
7.Bc4 Qa5 8.f3 Qb4 9.Bb3 Nxe4 10.Nxc6 Bxc3+ 11.bxc3 Qxc3+
12.Ke2 dxc6 13.Bd4 e5 14.Bxc3 Nxc3+ 15.Ke3 Nxd1+ 16.Raxd1 Ke7
17.Rd2 a5 18.Rhd1 b5 19.c3 a4 20.Bc2 Be6 21.a3 Rhd8 22.Rxd8
Rxd8 23.Rb1 Bc4 24.Be4 c5 25.g4 Rd6 26.h4 h6 27.Rg1 Bb3 28.Ke2
g5 29.h5 Bd5 30.Bd3 Bxf3+ 0-1

[Event "Aeroflot Open"]
[Site "Moscow RUS"]
[Date "2004.02.18"]
[EventDate "2004.02.17"]
[Round "2"]
[Result "0-1"]
[White "Dmitry Andreikin"]
[Black "Alexander Rustemov"]
[WhiteElo "2412"]
[BlackElo "2585"]
[PlyCount "142"]

1. d4 d5 2. c4 c6 3. Nf3 Nf6 4. e3 a6 5. Bd3 Bg4 6. Nbd2 e6
7. b3 c5 8. O-O Nc6 9. Bb2 cxd4 10. exd4 Bb4 11. Be2 Rc8
12. a3 Bxd2 13. Qxd2 Na5 14. Qe3 dxc4 15. bxc4 Nxc4 16. Bxc4
Rxc4 17. Ne5 Rc2 18. Qb3 Bf5 19. Rac1 Rxc1 20. Rxc1 O-O
21. Qxb7 Nd5 22. Nd7 Re8 23. Ne5 f6 24. Nc6 Qa8 25. Qxa8 Rxa8
26. g3 Be4 27. Bc3 Nf4 28. Ne7+ Kf7 29. gxf4 Kxe7 30. Bb4+ Kf7
31. Rc5 Rd8 32. Bc3 Rb8 33. Bb4 Rb7 34. h3 Kg6 35. Kh2 Bd5
36. Kg3 Kf5 37. f3 h6 38. h4 h5 39. Ra5 Rb6 40. Rc5 Rb7
41. Ra5 Ra7 42. Bd2 Rc7 43. Rc5 Rb7 44. Bb4 g5 45. fxg5 fxg5
46. hxg5 Kxg5 47. Rc8 h4+ 48. Kf2 Rh7 49. Rg8+ Kf5 50. Bd6 h3
51. Bh2 Rh4 52. Rg4 Rh8 53. Rg7 Rc8 54. Rc7 Rf8 55. Rh7 Rc8
56. Rc7 Rg8 57. Bg3 Rf8 58. Bd6 Rh8 59. Bh2 Kg6 60. Kg3 a5
61. Kg4 a4 62. Rc3 Rh7 63. Rc7 Rh8 64. Rc3 Rh5 65. Re3 Rh7
66. Kg3 Kf5 67. Re5+ Kf6 68. Re3 Bc4 69. Rc3 Bf1 70. Kf2 Bg2
71. Rc7 Rxc7 0-1

[Event "Aeroflot Open"]
[Site "Moscow RUS"]
[Date "2004.02.21"]
[EventDate "?"]
[Round "5"]
[Result "1/2-1/2"]
[White "Sergey Karjakin"]
[Black "Dmitry Andreikin"]
[WhiteElo "2566"]
[BlackElo "2412"]
[Source "365Chess"]
[PlyCount "97"]

1. e4 e5 2. Nf3 Nf6 3. Nxe5 d6 4. Nf3 Nxe4 5. d4 Be7 6. Bd3
Nf6 7. h3 O-O 8. O-O Re8 9. Bf4 Nd5 10. Bd2 Nc6 11. c3 Bf6
12. Qb3 Nb6 13. Bf4 Ne7 14. Qc2 Ng6 15. Bg3 Kh8 16. Nbd2 Nd5
17. Rae1 Be6 18. Re4 Rf8 19. a3 Bf5 20. Ree1 Bxd3 21. Qxd3 Qd7
22. Re4 Rae8 23. Rfe1 Bd8 24. R1e2 Nf6 25. R4e3 Kg8 26. Nh4
Rxe3 27. fxe3 Re8 28. Nxg6 hxg6 29. e4 Nh5 30. Bh2 Bg5 31. Qc2
Bf4 32. Nf3 Bxh2+ 33. Kxh2 Qd8 34. Qd2 Qf6 35. e5 Qf4+
36. Qxf4 Nxf4 37. Rf2 Nd3 38. Rd2 Nf4 39. Kg3 dxe5 40. Nxe5 g5
41. Kf3 f6 42. Nd3 Nxd3 43. Rxd3 Re1 44. Rd2 Kf7 45. Re2 Rf1+
46. Ke4 Ke6 47. c4 Kd6 48. c5+ Kc6 49. g3 1/2-1/2

[Event "Aeroflot Open"]
[Site "Moscow RUS"]
[Date "2004.02.24"]
[EventDate "?"]
[Round "8"]
[Result "0-1"]
[White "Dmitry Andreikin"]
[Black "Andrei V Kharitonov"]
[WhiteElo "2412"]
[BlackElo "2561"]
[Source "365Chess"]
[PlyCount "114"]

1. e4 c6 2. d4 d5 3. exd5 cxd5 4. Bd3 Nc6 5. c3 Nf6 6. Bf4 Bg4
7. Qb3 Qd7 8. Nd2 e6 9. Ngf3 Bd6 10. Bxd6 Qxd6 11. O-O O-O
12. Rae1 Bxf3 13. Nxf3 Rab8 14. Ne5 b5 15. a3 a5 16. Qa2 Rfc8
17. b4 Qc7 18. Nxc6 Qxc6 19. Re3 Qb6 20. Qd2 Rc7 21. Rg3 Rbc8
22. Qg5 Ne8 23. Qh6 g6 24. Rh3 f5 25. Qh4 axb4 26. axb4 Ra7
27. Re1 Rf7 28. Rhe3 Rc6 29. Bf1 Nf6 30. Ra1 Ne4 31. Qh6 Ra7
32. Rxa7 Qxa7 33. f3 Nxc3 34. Qf4 Qe7 35. h4 Qxb4 36. h5 Qe7
37. Qg3 Kf7 38. Qb8 Kg7 39. f4 Ne4 40. hxg6 hxg6 41. Rh3 Nf6
42. Bxb5 Rc1+ 43. Bf1 Qc7 44. Qb4 Nh5 45. g3 Kf7 46. Kf2 Qc3
47. Qxc3 Rxc3 48. Be2 Nxf4 49. Rh7+ Kg8 50. Re7 Nxe2 51. Kxe2
Rc6 52. g4 fxg4 53. Ke3 g5 54. Kf2 Kf8 55. Rh7 Rc3 56. Rh5 Rd3
57. Rh8+ Ke7 0-1

[Event "Russian Championship Higher League St Petersburg"]
[Site "St Petersburg RUS"]
[Date "2004.05.21"]
[EventDate "2004.05.21"]
[Round "1"]
[Result "1/2-1/2"]
[White "Sergey Dolmatov"]
[Black "Dmitry Andreikin"]
[WhiteElo "2573"]
[BlackElo "2418"]
[PlyCount "138"]

1. e4 e5 2. Nf3 Nf6 3. Nxe5 d6 4. Nf3 Nxe4 5. d4 Be7 6. Bd3
Nf6 7. h3 O-O 8. O-O Re8 9. Re1 Bf8 10. Rxe8 Qxe8 11. Bg5 Nbd7
12. Nc3 h6 13. Bh4 g5 14. Bg3 Bg7 15. Qd2 Nf8 16. Re1 Qd8
17. d5 Bd7 18. Bh2 Nh5 19. Nb5 Bf6 20. Nbd4 Ng7 21. c3 Ng6
22. Ne6 fxe6 23. Bxg6 e5 24. Qd3 Be8 25. Nd2 Qd7 26. Bxe8 Nxe8
27. Ne4 Bg7 28. c4 Nf6 29. Nxf6+ Bxf6 30. Bg3 Kg7 31. f3 Rd8
32. b4 a5 33. bxa5 Ra8 34. Rb1 Rxa5 35. Rxb7 Rxa2 36. c5 Qc8
37. Qb3 e4 38. Qxa2 Qxb7 39. cxd6 cxd6 40. fxe4 Qb4 41. Qe2
Qd4+ 42. Kh2 Be5 43. Bxe5+ Qxe5+ 44. Kg1 Qd4+ 45. Kf1 Qf6+
46. Qf3 Qa1+ 47. Kf2 Qe5 48. h4 gxh4 49. Qg4+ Kf7 50. Qxh4 h5
51. g3 Qb2+ 52. Kf3 Qc3+ 53. Kg2 Qc2+ 54. Kh3 Qc8+ 55. g4
Qxg4+ 56. Qxg4 hxg4+ 57. Kxg4 Kg6 58. Kf3 Kf7 59. Ke2 Ke8
60. Kf2 Kf8 61. Kg3 Kg7 62. Kh4 Kf6 63. Kg4 Kg6 64. Kf3 Kf7
65. Ke2 Ke8 66. Kd2 Kd8 67. Kc3 Kc7 68. Kc4 Kc8 69. Kb4 Kb8
1/2-1/2

[Event "Russian Championship Higher League St Petersburg"]
[Site "St Petersburg RUS"]
[Date "2004.05.22"]
[EventDate "2004.05.01"]
[Round "2"]
[Result "1-0"]
[White "Dmitry Andreikin"]
[Black "Evgeny Emmanuilovich Gleizerov"]
[WhiteElo "2418"]
[BlackElo "2592"]
[PlyCount "49"]

1. e4 e6 2. d4 d5 3. exd5 exd5 4. Nf3 Bd6 5. Bd3 Ne7 6. O-O
Nbc6 7. c3 Bg4 8. Bg5 Qd7 9. Nbd2 f6 10. Bh4 Ng6 11. Bg3 Nf4
12. Bxf4 Bxf4 13. h3 Be6 14. Re1 O-O-O 15. Nb3 Bd6 16. Bb5
Rde8 17. Nc5 Bxc5 18. dxc5 a6 19. Bxc6 Qxc6 20. Nd4 Qd7 21. c6
bxc6 22. Qe2 Qd6 23. Nxe6 Kd7 24. Qg4 Rxe6 25. Rxe6 1-0

[Event "Russian Championship Higher League St Petersburg"]
[Site "St Petersburg RUS"]
[Date "2004.05.25"]
[EventDate "2004.05.01"]
[Round "5"]
[Result "1/2-1/2"]
[White "Evgeny Shaposhnikov"]
[Black "Dmitry Andreikin"]
[WhiteElo "2559"]
[BlackElo "2418"]
[PlyCount "77"]

1. e4 e5 2. Bc4 Nf6 3. d3 Bc5 4. Nf3 d6 5. c3 O-O 6. Bg5 Bb6
7. Nbd2 Be6 8. O-O Nbd7 9. Re1 h6 10. Bh4 Re8 11. Bxe6 Rxe6
12. d4 Nf8 13. a4 c6 14. Nc4 Ng6 15. dxe5 Nxh4 16. Nxh4 dxe5
17. Qf3 g6 18. Rad1 Qe7 19. Nf5 Qf8 20. Nfe3 Bc7 21. Ng4 Nxg4
22. Qxg4 Rd8 23. Rxd8 Qxd8 24. Rd1 Qe8 25. Qh3 h5 26. Qe3 b6
27. Qd3 Kf8 28. b4 a6 29. Qe3 b5 30. axb5 axb5 31. Na5 Qe7
32. Nb7 Kg7 33. g3 Rf6 34. h4 Bb8 35. Nc5 Ba7 36. Kg2 Bxc5
37. bxc5 Qe6 38. Qg5 Qg4 39. Qxg4 1/2-1/2

[Event "Russian Championship Higher League St Petersburg"]
[Site "St Petersburg RUS"]
[Date "2004.05.28"]
[EventDate "2004.05.21"]
[Round "7"]
[Result "1/2-1/2"]
[White "Pavel Tregubov"]
[Black "Dmitry Andreikin"]
[WhiteElo "2636"]
[BlackElo "2418"]
[PlyCount "48"]

1. d4 Nf6 2. Nf3 g6 3. c4 Bg7 4. g3 O-O 5. Bg2 c5 6. Nc3 cxd4
7. Nxd4 Nc6 8. O-O Nxd4 9. Qxd4 d6 10. Qd3 a6 11. Bf4 Bf5
12. e4 Be6 13. Rac1 Nd7 14. b3 Qa5 15. Bd2 Qh5 16. f4 b5
17. Nd5 Nc5 18. Qe3 Bxd5 19. exd5 Qf5 20. b4 Qd3 21. Qe1 Na4
22. Rf3 Qf5 23. cxb5 axb5 24. Qxe7 Nb6 1/2-1/2

[Event "Aeroflot Open B"]
[Site "Moscow RUS"]
[Date "2005.02.16"]
[EventDate "2005.02.15"]
[Round "2"]
[Result "1-0"]
[White "Alexei Iljushin"]
[Black "Dmitry Andreikin"]
[WhiteElo "2530"]
[BlackElo "2472"]
[PlyCount "137"]

1. d4 Nf6 2. c4 e6 3. Nc3 Bb4 4. e3 c5 5. Nge2 cxd4 6. exd4 d5
7. c5 Ne4 8. Bd2 Nc6 9. Nxe4 dxe4 10. Bxb4 Nxb4 11. Qa4+ Nc6
12. Rd1 Qg5 13. g3 Bd7 14. Qb3 Qd5 15. Nc3 Qxb3 16. axb3 f5
17. Bc4 e5 18. Nb5 exd4 19. Nxd4 Ne5 20. Be2 Rc8 21. Nxf5 Bxf5
22. Rd5 Nf3+ 23. Bxf3 Be6 24. Re5 exf3 25. Rxe6+ Kf7 26. Re3
Rhe8 27. b4 Rxe3+ 28. fxe3 Re8 29. Kf2 Re4 30. Ra1 Rxb4
31. Rxa7 Rxb2+ 32. Kxf3 Ke6 33. h4 Kd5 34. Ra8 Rb1 35. Rd8+
Kxc5 36. Rd7 b5 37. Rxg7 b4 38. Rxh7 Kc6 39. Rh6+ Kc7 40. Kg4
b3 41. Rf6 Re1 42. Rf2 Rxe3 43. h5 Kd7 44. h6 Re6 45. Rh2 b2
46. Rxb2 Rxh6 47. Kg5 Re6 48. g4 Ke8 49. Rf2 Re7 50. Kg6 Re6+
51. Rf6 Re1 52. g5 Rg1 53. Kh6 Ke7 54. Rf4 Ke6 55. g6 Rh1+
56. Kg7 Rg1 57. Kh7 Rh1+ 58. Kg8 Rg1 59. g7 Ke7 60. Rf7+ Ke8
61. Rf2 Rh1 62. Re2+ Kd7 63. Re4 Rh2 64. Kf7 Rf2+ 65. Kg6 Rg2+
66. Kf6 Rg1 67. Re5 Kd6 68. Rg5 Rf1+ 69. Kg6 1-0

[Event "Aeroflot Open B"]
[Site "Moscow RUS"]
[Date "2005.02.22"]
[EventDate "2005.02.15"]
[Round "8"]
[Result "0-1"]
[White "Ruslan Vladimirovich Shcherbakov"]
[Black "Dmitry Andreikin"]
[WhiteElo "2549"]
[BlackElo "2472"]
[PlyCount "128"]

1. e4 c5 2. Nf3 d6 3. d4 cxd4 4. Nxd4 Nf6 5. Nc3 a6 6. Bg5 e6
7. f4 Be7 8. Qf3 Qc7 9. O-O-O Nbd7 10. g4 h6 11. Bxf6 Bxf6
12. h4 g5 13. hxg5 hxg5 14. e5 dxe5 15. Nxe6 fxe6 16. Ne4 Rxh1
17. fxg5 Rh2 18. Bd3 Bg7 19. g6 Nb6 20. Bb5+ axb5 21. Nd6+
Qxd6 22. Qf7+ Kd8 23. Rxd6+ Nd7 24. Qxg7 Rxa2 25. Kb1 Ra4
26. Rd1 Rxg4 27. Qf8+ Kc7 28. Qd6+ Kd8 29. Qf8+ Kc7 30. Qd6+
Kd8 31. Qb6+ Ke7 32. Qc7 Rh8 33. Qd6+ Kf6 34. Rf1+ Rf4 35. Rg1
Rg8 36. Qd3 Rf5 37. Qg3 Kg7 38. Qb3 Nf8 39. Qxb5 Nxg6 40. Qb6
Rgf8 41. Qc7+ R5f7 42. Qxe5+ Rf6 43. Qc7+ R6f7 44. Qe5+ Rf6
45. Rg3 R8f7 46. Qb8 Bd7 47. Qxb7 e5 48. Qb8 Re7 49. Qb4 Kf7
50. b3 e4 51. Qc4+ Be6 52. Qd4 Bf5 53. Kb2 Nh4 54. Qd5+ Rfe6
55. b4 Bg6 56. Re3 Kg7 57. b5 Nf5 58. Rb3 Re5 59. Qd8 e3
60. b6 e2 61. b7 e1=Q 62. b8=Q Re8 63. Qd7+ R5e7 64. Qbxe8
Qe5+ 0-1

[Event "Russian Under-20 Championship"]
[Site "Nojabrsk RUS"]
[Date "2005.03.02"]
[EventDate "2005.03.02"]
[Round "1"]
[Result "1/2-1/2"]
[White "Dmitry Andreikin"]
[Black "Igor Kurnosov"]
[WhiteElo "2472"]
[BlackElo "2538"]
[PlyCount "60"]

1. d4 Nf6 2. c4 e6 3. Nf3 b6 4. g3 Bb7 5. Bg2 Be7 6. O-O O-O
7. Nc3 Na6 8. Bf4 c5 9. d5 d6 10. e4 Nc7 11. Re1 e5 12. Nxe5
dxe5 13. Bxe5 Nd7 14. Bxc7 Qxc7 15. e5 Nxe5 16. d6 Bxd6
17. Nb5 Qe7 18. Qxd6 Qxd6 19. Nxd6 Nf3+ 20. Bxf3 Bxf3 21. Re3
Bg4 22. Nb5 Rfd8 23. Rae1 Kf8 24. b3 Bd7 25. Nc7 Rab8 26. Rf3
Rbc8 27. Ne6+ Bxe6 28. Rxe6 Rd2 29. a4 Rcd8 30. Kg2 R2d3
1/2-1/2